000 00607nam a2200193Ii 4500
003 JO-AjNU
008 230605s9999||||xx |||||||||||||| ||und||
040 _aJO-AjNU
_bara
_erda
_cJO-AjNU
041 _aara
050 1 4 _aRJ101 2004
100 3 _aاعداد الوحش، مي محمد موسى,
_eauthor
_936571
245 0 0 _a300 نصيحة للعناية بالطفل
264 3 1 _aعمان: دار الاسراء، 2004
300 _a80ص
336 _atext
_btxt
_2rdacontent
337 _aunmediated
_bn
_2rdamedia
338 _avolume
_bnc
_2rdacarrier
650 4 _aالاطفال-رعاية
_936572
999 _aA15206
_c18774
_d18774